[Event "It (open)"]
[Site "masterchessopen.com Sulzfeld (Germany)"]
[Round "1"]
[White "Schwalfenberg Joerg (GER)"]
[Black "Rau Hannes (GER)"]
[Result "1-0"]
[WhiteElo "2355"]
[BlackElo "2464"]

1.d4 d5 2.Nf3 Nf6 3.c4 c6 4.e3 Bf5 5.Nc3 e6 6.Bd3 Bxd3 7.Qxd3 Nbd7 8.O-O Be7
9.e4 dxe4 10.Nxe4 Nxe4 11.Qxe4 Nf6 12.Qe2 O-O 13.Bf4 a5 14.Rfd1 a4 15.h3 Qa5
16.Ne5 Rfe8 17.Qf3 Rad8 18.g4 h6 19.h4 Rf8 20.g5 hxg5 21.hxg5 Nd7 22.Qh5 Nxe5
23.Bxe5 Bd6 24.Kg2 Bxe5 25.Rh1 f5 26.g6 {#r} 1-0

[Event "Ch Slovakia (juniors) (under 18)"]
[Site "masterchessopen.com Topolcianky (Slovakia)"]
[Round "7"]
[White "Vavrak Peter (SVK)"]
[Black "Dusik Tomas (SVK)"]
[Result "1-0"]
[WhiteElo "2245"]
[BlackElo "2158"]

1.d4 Nf6 2.Nf3 d5 3.c4 c6 4.e3 Bf5 5.cxd5 Nxd5 6.Bd3 Bxd3 7.Qxd3 e6 8.O-O Be7
9.e4 Nf6 10.Nc3 O-O 11.Bf4 Nbd7 12.Rad1 Qa5 13.Rfe1 Rfe8 14.Bg3 Nf8 15.a3 Ng6
16.Qc2 Red8 17.Qb3 Rd7 18.Ne5 Rdd8 19.Nxg6 hxg6 20.Qxb7 Re8 21.Qxc6 Rec8
22.Qa4 Qxa4 23.Nxa4 Rc4 24.b3 Rc2 25.b4 {#r} 1-0

[Event "Staatsliga B 1998/99"]
[Site "masterchessopen.com Austria"]
[Round "6"]
[White "Kranz Armin (AUT)"]
[Black "Sonnberger Reinhard (GER)"]
[Result "1-0"]
[WhiteElo "2100"]
[BlackElo "2216"]

1.d4 d5 2.Nf3 Nf6 3.c4 c6 4.e3 Bf5 5.cxd5 cxd5 6.Nc3 Nc6 7.Bb5 e6 8.Ne5 Qb6
9.g4 Be4 10.f3 Bg6 11.h4 h5 12.Nxg6 fxg6 13.g5 Nd7 14.Bd3 O-O-O 15.f4 Ne7
16.Na4 Qc6 17.Bd2 Kb8 18.Rc1 Qd6 19.a3 Rc8 20.Bb4 {#r} 1-0

[Event "Olympiad"]
[Site "masterchessopen.com Elista (Russia)"]
[Round "7"]
[White "Abdulla Al-Rakib (BAN)"]
[Black "Tu Hoang Thong (VIE)"]
[Result "1-0"]
[WhiteElo "2350"]
[BlackElo "2480"]

1.d4 d5 2.c4 c6 3.Nf3 Nf6 4.e3 Bf5 5.Bd3 Bg6 6.O-O Nbd7 7.b3 e6 8.Bb2 Bd6
9.Nc3 Ne4 10.cxd5 exd5 11.Bxe4 dxe4 12.Nd2 Qh4 13.g3 Qe7 14.Nc4 Nf6 15.d5 Bh5
16.Nxd6+ Kf8 17.Nf5 Qd7 18.Ba3+ c5 19.Bxc5+ Kg8 20.Ne7+ Kf8 21.f3 exf3 22.Qd4
Re8 23.Nf5+ Kg8 24.Nh6+ gxh6 25.Qxf6 Qh3 26.Rf2 {#r} 1-0

[Event "Memorial Andres Clemente Vazquez"]
[Site "masterchessopen.com Habana (Cuba)"]
[Round "12"]
[White "Gomez Felix (CUB)"]
[Black "Gonzalez Renier (USA)"]
[Result "0-1"]
[WhiteElo "2455"]
[BlackElo "2385"]

1.d4 d5 2.Nf3 Nf6 3.c4 c6 4.e3 Bf5 5.cxd5 cxd5 6.Qb3 Qb6 7.Qxb6 axb6 8.Nc3 e6
9.Bb5+ Nfd7 10.Ne5 Bd6 11.g4 Bg6 12.Nxd7 Nxd7 13.Bd2 Be4 14.O-O Bf3 15.Na4 g5
16.Nxb6 h5 17.Nxd7 Bxh2+ {#R} 0-1

[Event "It \"]
[Site "masterchessopen.com Italy"]
[Round "7"]
[White "Monteleone Antonio (ITA)"]
[Black "Quimi Marco (PER)"]
[Result "1-0"]
[WhiteElo "2169"]
[BlackElo "2188"]

1.d4 d5 2.c4 c6 3.Nf3 Nf6 4.e3 Bf5 5.Nc3 e6 6.Bd3 Bxd3 7.Qxd3 Nbd7 8.O-O Bd6
9.Rd1 O-O 10.b3 Re8 11.Bb2 e5 12.dxe5 Nxe5 13.Nxe5 Bxe5 14.cxd5 Ng4 15.h3 Bh2+
16.Kf1 Rxe3 17.Qd4 Rxc3 18.hxg4 Qg5 19.Bxc3 Bc7 20.d6 Bb6 21.Qe5 Qxg4 22.d7
Rf8 23.Bd4 f6 24.Qd6 Bd8 25.Re1 Qh5 26.Bc5 {#r} 1-0

[Event "Cup Sweden (final)"]
[Site "masterchessopen.com Oerebro (Sweden)"]
[Round "0"]
[White "Kretz Johan (SWE)"]
[Black "Schneider Stefan (SWE)"]
[Result "0-1"]
[WhiteElo "2225"]
[BlackElo "2320"]

1.d4 Nf6 2.c4 d5 3.e3 c6 4.Nf3 Bf5 5.cxd5 cxd5 6.Nc3 Nc6 7.Ne5 a6 8.Nxc6 bxc6
9.Bd2 e6 10.Na4 Ne4 11.Rc1 Qb8 12.a3 Bd6 13.Ba5 Bxh2 14.Qc2 O-O 15.Qxc6 Bg3
16.Bd3 Bxf2+ 17.Ke2 Qg3 18.Bxe4 Qxe3+ 19.Kf1 Bxe4 20.Rd1 Rfc8 21.Qb7 {#R} 0-1

[Event "Ch World (universities)"]
[Site "masterchessopen.com Rotterdam (Netherlands)"]
[Round "2"]
[White "Lehmann Zoltan (HUN)"]
[Black "Goessling Guido (GER)"]
[Result "1-0"]
[WhiteElo "2345"]
[BlackElo "2245"]

1.d4 d5 2.c4 c6 3.Nf3 Nf6 4.e3 Bf5 5.Be2 e6 6.O-O Nbd7 7.Nh4 Bg6 8.Nxg6 hxg6
9.Nd2 Bd6 10.h3 g5 11.Bf3 Bb8 12.Re1 Qc7 13.Nf1 Rh4 14.e4 Nxe4 15.Bxe4 Rxe4
16.Rxe4 dxe4 17.Bxg5 Qa5 18.Bd2 Qf5 19.Qe2 Bf4 20.Re1 Bxd2 21.Nxd2 Qa5 22.Nxe4
Qxa2 23.Nd6+ Ke7 24.Nxf7 Nf8 25.Ng5 {#r} 1-0

[Event "It (open)"]
[Site "masterchessopen.com Basel (Switzerland)"]
[Round "2"]
[White "Berezovsky Igor (GER)"]
[Black "Tukmakov Vladimir B (UKR)"]
[Result "0-1"]
[WhiteElo "2387"]
[BlackElo "2557"]

1.Nf3 d5 2.d4 Nf6 3.c4 c6 4.e3 Bf5 5.Bd3 Bxd3 6.Qxd3 e6 7.Nc3 Nbd7 8.O-O Bb4
9.Bd2 a5 10.Ne1 O-O 11.Nc2 dxc4 12.Qxc4 Bd6 13.Qe2 e5 14.e4 Re8 15.dxe5 Bxe5
16.f3 Nd5 17.Qf2 Nb4 18.Rfe1 Nb6 19.Rad1 Nc4 20.Bc1 Qb6 21.Rd7 Red8 22.Qxb6
Nxb6 23.Rxb7 Nc4 24.Ne2 Nxa2 25.Bf4 Bxb2 {#R} 0-1

[Event "Ch Switzerland (open)"]
[Site "masterchessopen.com Graechen (Switzerland)"]
[Round "2"]
[White "Berezovsky Igor (GER)"]
[Black "Staechelin Ruedi (SUI)"]
[Result "1-0"]
[WhiteElo "2387"]
[BlackElo "2177"]

1.d4 Nf6 2.Nf3 d5 3.c4 c6 4.e3 Bf5 5.Nc3 e6 6.Bd3 Bxd3 7.Qxd3 Bd6 8.O-O O-O
9.b3 Nbd7 10.Bb2 Re8 11.e4 e5 12.dxe5 Nxe5 13.Nxe5 Bxe5 14.exd5 cxd5 15.cxd5
Nxd5 16.Nxd5 Bxb2 17.Rad1 Rc8 18.f4 Qd6 19.f5 Qc5+ 20.Kh1 Qc2 21.Ne7+ Kf8
22.Nxc8 {#r} 1-0

[Event "Ch Mallorca (preferente)"]
[Site "masterchessopen.com Mallorca (Spain)"]
[Round "4"]
[White "Ruiz Vinals Matias (ESP)"]
[Black "Pons Morro Pedro (ESP)"]
[Result "0-1"]
[WhiteElo "2064"]
[BlackElo "2254"]

1.d4 d5 2.c4 c6 3.Nf3 Nf6 4.e3 Bf5 5.Nbd2 e6 6.Be2 Bd6 7.O-O Ne4 8.Re1 Nd7
9.Bf1 Qf6 10.Qb3 Rb8 11.Qa4 g5 12.b4 g4 13.Nxe4 Bxe4 14.Nd2 Bxh2+ 15.Kxh2 Qxf2
16.Nxe4 dxe4 17.Qd1 Qh4+ {#R} 0-1

[Event "Ch Great Britain"]
[Site "masterchessopen.com Scarborough (England)"]
[Round "11"]
[White "Rahman Taibur (BAN)"]
[Black "Palliser Richard (ENG)"]
[Result "0-1"]
[WhiteElo "2210"]
[BlackElo "2253"]

1.d4 d5 2.c4 c6 3.Nf3 Nf6 4.e3 Bf5 5.Nc3 e6 6.Bd3 Bxd3 7.Qxd3 Bb4 8.O-O Nbd7
9.a3 Be7 10.b4 O-O 11.Bb2 a5 12.b5 dxc4 13.Qxc4 Re8 14.Rfe1 c5 15.Rad1 cxd4
16.Qxd4 Nb6 17.Qf4 Qc8 18.Ne5 Rd8 19.Ne4 Rxd1 20.Rxd1 Qc2 {#R} 0-1

[Event "It (blitz)"]
[Site "masterchessopen.com Wijk aan Zee (Netherlands)"]
[Round "4"]
[White "Kasimdzhanov Rustam (UZB)"]
[Black "Sokolov Ivan (NED)"]
[Result "0-1"]
[WhiteElo "2603"]
[BlackElo "2656"]

1.Nf3 Nf6 2.c4 c6 3.d4 d5 4.e3 Bf5 5.Bd3 Bxd3 6.Qxd3 e6 7.O-O Nbd7 8.Nbd2 Be7
9.b3 a5 10.a3 O-O 11.Bb2 Qb6 12.Rab1 Qa6 13.e4 dxe4 14.Nxe4 Nxe4 15.Qxe4 a4
16.d5 cxd5 17.cxd5 axb3 18.dxe6 Qxe6 19.Qxb7 Nc5 20.Qb4 Nd3 21.Qc3 Nxb2
22.Qxb2 Rxa3 23.Nd4 Qf6 24.Rfe1 Ra2 {#R} 0-1

[Event "It"]
[Site "masterchessopen.com Alicante (Spain)"]
[Round "3"]
[White "Granero Roca Antonio (ESP)"]
[Black "Saldano Horacio (ESP)"]
[Result "0-1"]
[WhiteElo "2405"]
[BlackElo "2299"]

1.d4 d5 2.c4 c6 3.Nf3 Nf6 4.e3 Bf5 5.Nc3 e6 6.Bd3 Bxd3 7.Qxd3 Bb4 8.O-O Nbd7
9.Bd2 a5 10.a3 Be7 11.e4 Nc5 12.dxc5 dxe4 13.Qxd8+ Rxd8 14.Be3 exf3 15.gxf3
Nd7 16.Na4 Ne5 17.Rfc1 Nxf3+ {#R} 0-1

[Event "It (open)"]
[Site "masterchessopen.com Cannes (France)"]
[Round "4"]
[White "Spielmann Alain (FRA)"]
[Black "Le Gall Jacques (FRA)"]
[Result "1-0"]
[WhiteElo "2275"]
[BlackElo "2102"]

1.d4 d5 2.c4 c6 3.Nf3 Nf6 4.e3 Bf5 5.Nc3 e6 6.Nh4 Bg4 7.Qb3 Qb6 8.h3 Bh5 9.g4
Bg6 10.Nxg6 hxg6 11.g5 Ng8 12.Bd2 Nd7 13.O-O-O Ne7 14.e4 Qxb3 15.axb3 dxe4
16.Nxe4 Nf5 17.Bc3 Rh4 18.Bg2 Nb6 19.Rd3 Be7 20.Rhd1 Rh5 21.Kc2 Bxg5 22.Bf3
{#r} 1-0

[Event "Ch Austria"]
[Site "masterchessopen.com Frohnleiten (Austria)"]
[Round "2"]
[White "Danner Georg (AUT)"]
[Black "Posch Werner (AUT)"]
[Result "1-0"]
[WhiteElo "2437"]
[BlackElo "2249"]

1.d4 d5 2.Nf3 c6 3.c4 Nf6 4.e3 Bf5 5.cxd5 cxd5 6.Qb3 Qb6 7.Qxb6 axb6 8.Nc3 e6
9.Bb5+ Nfd7 10.Ne5 Bb4 11.Bd2 Ra5 12.a4 f6 13.Nxd7 Nxd7 14.Ke2 Ra8 15.Nxd5
Bxd2 16.Nxb6 Ba5 17.Nxd7 Ke7 18.Nc5 b6 19.Na6 Be4 20.b4 {#r} 1-0

[Event "It (open)"]
[Site "masterchessopen.com Lisbon (Portugal)"]
[Round "1"]
[White "Koskinen Henri (FIN)"]
[Black "Garrido Andreu (ESP)"]
[Result "1-0"]
[WhiteElo "2310"]
[BlackElo "1977"]

1.d4 d5 2.Nf3 Nf6 3.c4 c6 4.e3 Bf5 5.Bd3 Bxd3 6.Qxd3 e6 7.O-O Bd6 8.Nc3 O-O
9.e4 dxe4 10.Nxe4 Nxe4 11.Qxe4 Nd7 12.a3 Qa5 13.Bd2 Qh5 14.Bc3 Rfe8 15.Rfe1
Re7 16.Rad1 Rd8 17.b4 g5 18.h3 f5 19.Qe2 Nf6 20.d5 Ne4 21.Ba1 cxd5 22.Qb2 d4
23.Rxd4 Kf7 24.c5 {#r} 1-0

[Event "Ch World (juniors) (under 16)"]
[Site "masterchessopen.com Oropesa (Spain)"]
[Round "4"]
[White "Zivanic Marko (SRB)"]
[Black "Drabke Lorenz (GER)"]
[Result "1-0"]
[WhiteElo "2300"]
[BlackElo "2144"]

1.d4 d5 2.c4 c6 3.Nf3 Nf6 4.e3 Bf5 5.Nc3 e6 6.Nh4 Bg6 7.Qb3 Qc7 8.Nxg6 hxg6
9.g3 Be7 10.Bd2 Nbd7 11.Rc1 Nb6 12.c5 Nbd7 13.Qc2 e5 14.Be2 Nf8 15.O-O Qd7
16.f3 exd4 17.exd4 Ne6 18.Be3 Nxc5 19.dxc5 d4 20.Rfd1 Qh3 21.Bf1 {#r} 1-0

[Event "Ch Romania (team)"]
[Site "masterchessopen.com Romania"]
[Round "1"]
[White "Atalik Suat (BIH)"]
[Black "Rogozenko Dorian (ROM)"]
[Result "1-0"]
[WhiteElo "2549"]
[BlackElo "2531"]

1.d4 d5 2.c4 c6 3.Nf3 Nf6 4.e3 Bf5 5.Nc3 e6 6.Nh4 Bg4 7.Qb3 b6 8.h3 Bh5 9.g4
Ne4 10.Nxe4 Qxh4 11.Nc3 Bxg4 12.Bg2 Bh5 13.cxd5 exd5 14.Bxd5 Bd6 15.Bg2 O-O
16.Ne4 Bc7 17.O-O Nd7 18.f4 Rae8 {#r} 1-0

[Event "It (open)"]
[Site "masterchessopen.com Sant Boi (Spain)"]
[Round "3"]
[White "Garcia Ilundain David (ESP)"]
[Black "Bravo Barranco Narciso (ESP)"]
[Result "1-0"]
[WhiteElo "2490"]
[BlackElo "2236"]

1.Nf3 Nf6 2.c4 c6 3.d4 d5 4.e3 Bf5 5.cxd5 Nxd5 6.Nbd2 Nf6 7.Ne5 Nfd7 8.Nxf7
Kxf7 9.Qf3 Kg6 10.e4 Be6 11.Bd3 Nf6 12.d5 Bg4 13.e5+ Kf7 14.Qg3 Bc8 15.exf6
exf6 16.dxc6 Bd6 17.Bc4+ Kf8 18.Qe3 Nxc6 19.O-O Nd4 20.Ne4 Be6 21.Rd1 Nf5
22.Bxe6 Nxe3 23.Bxe3 {#r} 1-0

[Event "It (open)"]
[Site "masterchessopen.com Sant Boi (Spain)"]
[Round "1"]
[White "Garcia Ilundain David (ESP)"]
[Black "Mingo Fernandez Matias (ESP)"]
[Result "1-0"]
[WhiteElo "2490"]
[BlackElo "2152"]

1.d4 d5 2.Nf3 Nf6 3.c4 c6 4.e3 Bf5 5.cxd5 cxd5 6.Qb3 Bc8 7.Nc3 e6 8.Bd3 Nc6
9.O-O Be7 10.Bd2 O-O 11.Rac1 Na5 12.Qc2 Bd7 13.e4 dxe4 14.Nxe4 Rc8 15.Nxf6+
Bxf6 16.Bxh7+ Kh8 17.Qd3 Bc6 18.Ne5 Bxe5 19.Qh3 Re8 20.Bd3+ Kg8 21.Qh7+ Kf8
22.dxe5 {#r} 1-0

[Event "Ch Russia (juniors) (under 10)"]
[Site "masterchessopen.com Serpukhov (Russia)"]
[Round "9"]
[White "Matsenko Sergei (RUS)"]
[Black "Popov Ivan (RUS)"]
[Result "0-1"]
[WhiteElo "2457"]
[BlackElo "2616"]

1.Nf3 d5 2.d4 Nf6 3.c4 c6 4.e3 Bf5 5.Nc3 e6 6.Qb3 Qc7 7.h3 h6 8.Be2 Nbd7 9.O-O
Bd6 10.a4 g5 11.cxd5 exd5 12.Re1 Rg8 13.h4 O-O-O 14.a5 Bg4 15.a6 b6 16.Bd2
Bxf3 17.Bxf3 Kb8 18.Rac1 Bh2+ 19.Kh1 Qd6 20.Na4 g4 21.Be2 Ne4 22.f4 gxf3 {#R}
0-1

[Event "It (open)"]
[Site "masterchessopen.com Skelleftea (Sweden)"]
[Round "7"]
[White "Bator Robert (SWE)"]
[Black "Madsen Dag (NOR)"]
[Result "1-0"]
[WhiteElo "2430"]
[BlackElo "2294"]

1.d4 d5 2.c4 c6 3.Nf3 Nf6 4.e3 Bf5 5.Nc3 e6 6.Nh4 Bg6 7.Qb3 Qb6 8.Nxg6 hxg6
9.Qc2 Nbd7 10.h3 Be7 11.Bd2 Rc8 12.O-O-O c5 13.cxd5 exd5 14.Kb1 O-O 15.Qa4
cxd4 16.exd4 a6 17.g4 Bb4 18.Ka1 Qd6 19.Nb5 axb5 20.Qxb4 Qb6 21.Bxb5 Rc4
22.Bxc4 {#r} 1-0

[Event "Staatsliga B West 1999/00"]
[Site "masterchessopen.com Austria"]
[Date "2000.03.04"]
[Round "10"]
[White "Bezler Rainer (AUT)"]
[Black "Hofherr Helmut"]
[Result "1-0"]
[WhiteElo "2255"]
[BlackElo "1955"]

1.d4 d5 2.c4 c6 3.Nf3 Nf6 4.e3 Bf5 5.Nc3 e6 6.Be2 Be7 7.Nh4 Ne4 8.Nxf5 Nxc3
9.Nxg7+ Kf8 10.Nxe6+ fxe6 11.bxc3 Nd7 12.cxd5 exd5 13.e4 Nf6 14.e5 Ne4 15.Bh5
{#r} 1-0

[Event "It (open) \"]
[Site "masterchessopen.com Amsterdam (Netherlands)"]
[Round "2"]
[White "Ernst Sipke (NED)"]
[Black "Cruz-Lopez Claret Carlos (ESP)"]
[Result "1-0"]
[WhiteElo "2459"]
[BlackElo "2289"]

1.d4 d5 2.c4 c6 3.Nf3 Nf6 4.e3 Bf5 5.Nc3 e6 6.Nh4 Be4 7.f3 Bg6 8.Nxg6 hxg6
9.Qb3 Qc7 10.Bd2 Nbd7 11.Rc1 a6 12.cxd5 exd5 13.Nxd5 Nxd5 14.Qxd5 Bd6 15.Qa5
Qxa5 16.Bxa5 Rxh2 17.Rxh2 Bxh2 18.Kf2 Bd6 19.Bd3 Ke7 20.e4 f6 21.Rh1 Nf8
22.Rh8 Re8 23.Bc4 Nd7 24.Rh7 Kf8 25.Bd2 g5 26.e5 {#r} 1-0

[Event "Tournament (provincial) (seniors)"]
[Site "masterchessopen.com Aragon (Spain)"]
[Round "4"]
[White "Carraminana Lopez Luis Antonio (ESP)"]
[Black "Hernando Antonio (ESP)"]
[Result "0-1"]
[WhiteElo "2058"]
[BlackElo "2177"]

1.d4 d5 2.c4 c6 3.Nf3 Nf6 4.e3 Bf5 5.cxd5 cxd5 6.Qb3 Qb6 7.Qxb6 axb6 8.Nc3 e6
9.Bb5+ Nfd7 10.Bd2 Bb4 11.Na4 Bxd2+ 12.Kxd2 Ra5 13.Rhc1 Ke7 14.Nc3 Nc6 15.Nh4
Bg6 16.f4 f6 17.g4 Bf7 18.Nf3 h6 19.h4 Raa8 20.Na4 Kd6 21.Rh1 Bg6 22.Nc3 Be4
23.Ng1 Bxh1 {#R} 0-1

[Event "Bayern Landesliga South 2000/01"]
[Site "masterchessopen.com Bayern (Germany)"]
[Round "6"]
[White "Hecht Hans-Joachim (GER)"]
[Black "Christensen Niels (DEN)"]
[Result "1-0"]
[WhiteElo "2418"]
[BlackElo "2287"]

1.d4 d5 2.c4 c6 3.Nf3 Nf6 4.e3 Bf5 5.cxd5 cxd5 6.Qb3 Qc7 7.Nc3 e6 8.Bd2 Be7
9.Rc1 Nc6 10.Ne5 O-O 11.Bb5 Rfc8 12.Na4 Rab8 13.Bxc6 bxc6 14.Nxc6 Rxb3
15.Nxe7+ Qxe7 16.Rxc8+ Ne8 17.axb3 Bd3 18.Rb8 Bg6 19.Bb4 Qd7 20.Nc5 Qc6 21.O-O
h5 22.Ra1 Kh7 23.Ra6 {#r} 1-0

[Event "It (open)"]
[Site "masterchessopen.com Bethune (France)"]
[Round "3"]
[White "Shirazi Kamran (FRA)"]
[Black "Hareux Hubert (FRA)"]
[Result "1-0"]
[WhiteElo "2454"]
[BlackElo "2221"]

1.d4 d5 2.c4 c6 3.Nf3 Nf6 4.e3 Bf5 5.Nc3 e6 6.Nh4 Bg6 7.Qb3 Qc7 8.Nxg6 hxg6
9.Bd2 Nbd7 10.Rc1 Rc8 11.g3 Be7 12.Bg2 Qb8 13.cxd5 cxd5 14.O-O O-O 15.e4 dxe4
16.Nxe4 Nd5 17.Nc3 Nxc3 18.bxc3 b6 19.Rfe1 Rfd8 20.Rxe6 {#r} 1-0

[Event "It (open)"]
[Site "masterchessopen.com Bunratty (Ireland)"]
[Round "1"]
[White "McMahon Daire (IRL)"]
[Black "O'Siochru Mairead (IRL)"]
[Result "1-0"]
[WhiteElo "2232"]
[BlackElo "2050"]

1.d4 d5 2.Nf3 Nf6 3.c4 c6 4.e3 Bf5 5.Nc3 e6 6.Be2 Be7 7.Nh4 Bg6 8.Nxg6 hxg6
9.Qc2 Nbd7 10.Bd2 Qc7 11.g3 Rc8 12.O-O e5 13.cxd5 cxd5 14.Qb3 Nb6 15.Rfc1 Nc4
16.Nxd5 Qd7 17.Nxf6+ gxf6 18.Bxc4 {#r} 1-0

[Event "Ch France (juniors)"]
[Site "masterchessopen.com France"]
[Round "1"]
[White "Blot Jerome (FRA)"]
[Black "Cizeron Frederic (FRA)"]
[Result "1-0"]
[WhiteElo "2299"]
[BlackElo "2115"]

1.d4 d5 2.c4 c6 3.Nf3 Nf6 4.e3 Bf5 5.Nc3 h6 6.cxd5 cxd5 7.Qb3 Qb6 8.Nxd5 Qxb3
9.Nxf6+ exf6 10.axb3 Nc6 11.Bb5 Bb4+ 12.Bd2 O-O 13.Bxc6 Bxd2+ 14.Nxd2 bxc6
15.Ke2 Rfc8 16.Rhc1 Rc7 17.Ra5 Bd7 18.Ne4 Kf8 19.d5 Ke8 20.Nd6+ Ke7 21.Nb5
Rcc8 22.Nxa7 Rc7 23.d6+ {#r} 1-0

[Event "Oberliga Northeast 2000/01"]
[Site "masterchessopen.com Germany"]
[Round "0"]
[White "Stippekohl Peter (GER)"]
[Black "Wuttke Stefan (GER)"]
[Result "1-0"]
[WhiteElo "2189"]
[BlackElo "2121"]

1.d4 d5 2.c4 c6 3.e3 Nf6 4.Nf3 Bf5 5.Nbd2 e6 6.Be2 Bd6 7.O-O O-O 8.b3 Nbd7
9.Bb2 Ne4 10.Qc1 Qe7 11.a4 Rac8 12.Ba3 Nxd2 13.Nxd2 Nf6 14.Bxd6 Qxd6 15.Qa3
Qd7 16.Rac1 a6 17.b4 dxc4 18.Nxc4 Qe7 19.Bf3 Bd3 20.Qxd3 {#r} 1-0

[Event "It (cat.6)"]
[Site "masterchessopen.com Hampstead (England)"]
[Round "2"]
[White "Barsov Alexei (UZB)"]
[Black "Palliser Richard (ENG)"]
[Result "1-0"]
[WhiteElo "2525"]
[BlackElo "2443"]

1.d4 d5 2.c4 c6 3.Nf3 Nf6 4.e3 Bf5 5.Nc3 e6 6.Nh4 Be4 7.f3 Bg6 8.Qb3 Qb6
9.Nxg6 hxg6 10.Bd2 Nbd7 11.O-O-O Be7 12.Qc2 O-O 13.Kb1 Rfd8 14.g4 dxc4 15.Bxc4
c5 16.g5 Nh7 17.d5 Ne5 18.Na4 {#r} 1-0

[Event "It (cat.12)"]
[Site "masterchessopen.com Kladovo (Yugoslavia)"]
[Round "1"]
[White "Maksimovic Branimir (SRB)"]
[Black "Sulypa Alexandre (UKR)"]
[Result "0-1"]
[WhiteElo "2432"]
[BlackElo "2513"]

1.Nf3 d5 2.d4 c6 3.c4 Nf6 4.e3 Bf5 5.cxd5 cxd5 6.Qb3 Qc7 7.Bd2 e6 8.Bb5+ Nbd7
9.Ke2 Bd6 10.Rc1 Qb8 11.Ne5 Bxe5 12.dxe5 Qxe5 13.Bc3 Qd6 14.Bb4 Qb6 15.Na3 a6
16.Qa4 e5 17.f3 Rd8 18.g4 Be6 19.g5 Nh5 20.Bd3 f5 21.Ba5 Qxb2+ 22.Nc2 e4
23.Bxd8 Kxd8 24.fxe4 fxe4 25.Bxe4 {#R} 0-1

[Event "It (open) (a)"]
[Site "masterchessopen.com Salzburg (Austria)"]
[Round "6"]
[White "Kranz Armin (AUT)"]
[Black "Wieser Rupert (AUT)"]
[Result "1-0"]
[WhiteElo "2173"]
[BlackElo "2189"]

1.d4 Nf6 2.Nf3 d5 3.c4 c6 4.e3 Bf5 5.Nc3 e6 6.Bd3 Nbd7 7.Bxf5 exf5 8.cxd5 cxd5
9.O-O Qb6 10.Qc2 g6 11.Ne5 Rc8 12.Qa4 Rc6 13.Nxc6 bxc6 14.b3 Bd6 15.Ba3 Bb8
16.Qb4 Qd8 17.g3 Ng4 18.Qb7 Qc7 19.Qxc7 Bxc7 20.Rac1 Bd8 21.Na4 {#r} 1-0

[Event "Ch Switzerland"]
[Site "masterchessopen.com Scuol (Switzerland)"]
[Round "4"]
[White "Kaenel Hansjuerg (SUI)"]
[Black "Jost Sascha (SUI)"]
[Result "0-1"]
[WhiteElo "2407"]
[BlackElo "2230"]

1.Nf3 d5 2.e3 Nf6 3.c4 c6 4.d4 Bf5 5.cxd5 cxd5 6.Qb3 Qc7 7.Nc3 e6 8.Ne5 a6
9.Qa4+ Nbd7 10.Be2 Be7 11.g4 Bg6 12.g5 Ne4 13.Nxe4 Bxe4 14.f3 Bc2 15.b3 Qc3+
16.Kf2 Rd8 17.Nxd7 Rxd7 18.Ba3 Bxg5 19.Rhc1 Qxe3+ 20.Kg3 Bf4+ 21.Kh4 Qf2+
22.Kg4 g5 {#R} 0-1

[Event "Ch Russia (club)"]
[Site "masterchessopen.com Tomsk (Russia)"]
[Round "3"]
[White "Malaniuk Vladimir P (UKR)"]
[Black "Diu Viacheslav (RUS)"]
[Result "1-0"]
[WhiteElo "2547"]
[BlackElo "2412"]

1.d4 Nf6 2.Nf3 d5 3.c4 c6 4.e3 Bf5 5.Nc3 e6 6.Nh4 Bg4 7.Qb3 Qb6 8.h3 Bh5 9.g4
Bg6 10.Nxg6 hxg6 11.g5 Nh5 12.e4 dxe4 13.Be3 Nd7 14.O-O-O Be7 15.Bg2 Qc7
16.Bxe4 Nf4 17.h4 Nb6 18.Kb1 Rd8 19.Bf3 Rd7 20.Ne4 Nh5 21.Bxh5 gxh5 22.g6 f5
23.Ng5 Bxg5 24.Bxg5 Qc8 25.Rhe1 {#r} 1-0

[Event "It (open)"]
[Site "masterchessopen.com Zurich (Switzerland)"]
[Round "2"]
[White "Kelecevic Nedeljko (SUI)"]
[Black "Waffenschmidt Joachim (GER)"]
[Result "1-0"]
[WhiteElo "2398"]
[BlackElo "2016"]

1.d4 d5 2.c4 c6 3.Nf3 Nf6 4.e3 Bf5 5.Nc3 e6 6.Bd3 Bxd3 7.Qxd3 Bd6 8.O-O O-O
9.e4 dxe4 10.Nxe4 Nxe4 11.Qxe4 Nd7 12.Bd2 Re8 13.Bc3 Qb8 14.Rfe1 c5 15.Rad1
cxd4 16.Qxd4 {#r} 1-0

[Event "Oberliga NRW (2) 2001/02"]
[Site "masterchessopen.com Germany"]
[Date "2001.10.21"]
[Round "2"]
[White "Mellegers Joost (NED)"]
[Black "Broehl Stefan (GER)"]
[Result "1-0"]
[WhiteElo "2264"]
[BlackElo "2197"]

1.Nf3 d5 2.d4 Nf6 3.c4 c6 4.e3 Bf5 5.Nc3 e6 6.Nh4 Bg6 7.Nxg6 hxg6 8.g3 Nbd7
9.Qe2 Be7 10.Bg2 Nb6 11.b3 O-O 12.O-O c5 13.dxc5 Bxc5 14.Rd1 Bb4 15.Bb2 Qc8
16.cxd5 Bxc3 17.Rac1 Nfxd5 18.e4 Nc4 19.Bxc3 {#r} 1-0

[Event "It (open)"]
[Site "masterchessopen.com Bad Wiessee (Germany)"]
[Date "2001.10.27"]
[Round "1"]
[White "Frank Werner Dr (GER)"]
[Black "Reuss Andreas (GER)"]
[Result "0-1"]
[WhiteElo "1998"]
[BlackElo "2338"]

1.d4 Nf6 2.Nf3 d5 3.e3 c6 4.c4 Bf5 5.cxd5 cxd5 6.Nc3 e6 7.Ne5 Nfd7 8.Bd3 Bxd3
9.Nxd3 Nc6 10.Bd2 Be7 11.Rc1 O-O 12.Na4 Rc8 13.Nac5 Nxc5 14.Nxc5 e5 15.Qa4
exd4 16.exd4 b5 17.Qa3 Nxd4 18.Ba5 Qe8 19.O-O Ne2+ {#R} 0-1

[Event "It (open) (c)"]
[Site "masterchessopen.com Aragon (Spain)"]
[Round "3"]
[White "Sanchez Moreno Jose Carlos (ESP)"]
[Black "Hernando Antonio (ESP)"]
[Result "0-1"]
[WhiteElo "2028"]
[BlackElo "2173"]

1.d4 d5 2.Nf3 Nf6 3.c4 c6 4.e3 Bf5 5.Nc3 e6 6.Be2 Nbd7 7.Nh4 Bg6 8.Nxg6 hxg6
9.cxd5 cxd5 10.O-O Be7 11.e4 Nxe4 12.Nxe4 dxe4 13.d5 e5 14.d6 Bg5 15.Qd5 O-O
16.Qxe4 Bxc1 17.Raxc1 Qb6 18.Rfd1 Qxb2 19.Bc4 Rad8 20.Rb1 Qc3 21.Qh4 Nf6
22.Rbc1 Qa3 23.Qg5 Rxd6 24.Qxg6 Rxd1+ 25.Rxd1 Qa4 26.Bxf7+ Rxf7 {#R} 0-1

[Event "Staatsliga B South 2001/02"]
[Site "masterchessopen.com Austria"]
[Round "7"]
[White "Danner Georg (AUT)"]
[Black "Stoll Thomas (ITA)"]
[Result "0-1"]
[WhiteElo "2377"]
[BlackElo "2251"]

1.d4 d5 2.Nf3 Nf6 3.c4 c6 4.e3 Bf5 5.Nc3 e6 6.Nh4 Bg4 7.Qb3 b6 8.h3 Bh5 9.g4
Ne4 10.Nf3 Bg6 11.Ne5 Qh4 12.Qc2 Bb4 13.Nxg6 fxg6 14.cxd5 exd5 15.Bg2 O-O
16.Bxe4 dxe4 17.Rf1 Qe7 18.Bd2 Bxc3 19.Qb3+ Qf7 20.bxc3 c5 21.f4 Nc6 22.Qxf7+
Rxf7 23.Rb1 Rd8 24.Ke2 Na5 25.f5 g5 26.Rfd1 Nc4 {#R} 0-1